000
00296nam a2200145Ia 4500
100
_a
Shahane/H.M. Prof.
490
_v
II
942
_c
BK
654
_a
Engg. Mathematics
245
_a
Engg.Mathematics
260
_b
Engg.Book Pub.
_a
Poona
300
_a
517
546
_a
ENGLISH
999
_c
29552
_d
29552